000
00292nam a2200133Ia 4500
008
230312s9999||||xx |||||||||||||| ||und||
082
_a
891.4
_b
AHM-T
100
_a
Ahmad, Ashfaq
245
0
_a
Tilism-i-Hosh Afza
260
_b
SangeMeel
300
_a
175
650
_a
Literature
942
_c
BK
999
_c
8695
_d
8695